বাংলা গান / (Record no. 39952)
[ view plain ]
| 000 -LEADER | |
|---|---|
| fixed length control field | 00931nam a2200241 a 4500 |
| 001 - CONTROL NUMBER | |
| control field | 39952 |
| 003 - CONTROL NUMBER IDENTIFIER | |
| rucl marc code | BD-RjUL |
| 005 - DATE AND TIME OF LATEST TRANSACTION | |
| control field | 20211209053112.0 |
| 008 - FIXED-LENGTH DATA ELEMENTS--GENERAL INFORMATION | |
| fixed length control field | 160420s1985 bg ||||| |||| 00| 0 ben d |
| 020 ## - INTERNATIONAL STANDARD BOOK NUMBER | |
| Terms of availability | : Tk.15.00 |
| 035 ## - SYSTEM CONTROL NUMBER | |
| System control number | (BD-RjUL)40066 |
| 040 ## - CATALOGING SOURCE | |
| Original cataloging agency | BD-RjUL |
| Language of cataloging | ben |
| Transcribing agency | BD-RjUL |
| 041 ## - LANGUAGE CODE | |
| Language code of text/sound track or separate title | ben |
| 082 ## - DEWEY DECIMAL CLASSIFICATION NUMBER | |
| Edition number | 23 |
| Classification number | 781.72914 |
| Author mark and year | GOB 1985 |
| 100 ## - MAIN ENTRY--PERSONAL NAME | |
| Personal name | গোস্বামী, করুনাময় |
| 9 (RLIN) | 120447 |
| 245 10 - TITLE STATEMENT | |
| Title | বাংলা গান / |
| Statement of responsibility, etc. | করুনাময় গোস্বামী |
| 260 ## - PUBLICATION, DISTRIBUTION, ETC. (IMPRINT) | |
| Place of publication, distribution, etc. | ঢাকা : |
| Name of publisher, distributor, etc. | বাংলা একাডেমী, |
| Date of publication, distribution, etc. | ১৯৮৫. |
| 300 ## - PHYSICAL DESCRIPTION | |
| Pagination | ১০৪ পৃ. ; |
| Size | ১৮ সেমি. |
| 504 ## - BIBLIOGRAPHY, ETC. NOTE | |
| Bibliography, etc | গ্রন্থপনঞ্জি সংযুক্ত |
| 650 ## - SUBJECT ADDED ENTRY--TOPICAL TERM | |
| Topical term or geographic name as entry element | গান |
| Form subdivision | ইতিহাস ও সমালোচনা |
| Geographic subdivision | দক্ষিন এশিয়া |
| 9 (RLIN) | 123057 |
| Topical term or geographic name as entry element | Music |
| Form subdivision | HIstory and criticism |
| Geographic subdivision | South Asia |
| 9 (RLIN) | 123058 |
| 942 ## - ADDED ENTRY ELEMENTS (KOHA) | |
| Source of classification or shelving scheme | Dewey Decimal Classification |
| Koha item type | Books |
| Lost status | Source of classification or shelving scheme | Damaged status | Not for loan | Collection code | Permanent Location | Current Location | Shelving location | Date acquired | Source of acquisition | Cost, normal purchase price | Total Checkouts | Full call number | Date last seen | Copy number | Koha item type |
|---|---|---|---|---|---|---|---|---|---|---|---|---|---|---|---|
| Dewey Decimal Classification | Not For Loan | Fiction | Central Library, University of Rajshahi | Central Library, University of Rajshahi | 29/03/1987 | Bangla Academy, Dhaka | 15.00 | B 781.72914 GOB 1985 | 20/04/2016 | C-2 | Books |